Statistics for Niger River Countries

Click here to take the quiz!

General Stats

  • This quiz has been taken 664 times
  • The average score is 9 of 10

Answer Stats

Country % Correct
Niger
100%
Nigeria
99%
Mali
93%
Chad
92%
Benin
90%
Burkina Faso
90%
Algeria
82%
Cameroon
80%
Côte d’Ivoire
71%
Guinea
70%

Score Distribution

Percentile by Number Answered

Percent of People with Each Score

Your Score History

You have not taken this quiz